01481nam a2200265Ia 4500003000400000005001700004008004100021020001500062040002100077041001300098082002600111100003400137245020200171260003600373300002900409500005100438505026400489520027200753534002101025546002601046650003301072650002701105700004301132700004001175OSt20210112140158.0191128s1989 ck gr 000 0 spa d a9586000273 aCO-JMCRcCO-JMCR1 aspaheng04a658.406 / bG341b2231 aGilbreath, Robert D., eautor13aLa estrategia del cambio : bguía ráctica para las tendencias empresariales de hoy /cRobert D. Gilbreath ; traducción Augusto Alvarez Collazos ; revisión técnica Fernando David Figueroa aBogotá : bMcGraw-Hill,c1989 a228 páginas ; c21 cm. aBibliografía: página 221 Incluye índice.0 aEnfrentar el reto del cambio -- Libérese de sus herramientas -- Preferir los escudos en lugar de los objetivos --Dejar que los resultados conduzcan al cambio -- Retrasar la marcha de la socialización -- Invertir en el capital humano -- Cerrar las brechas 0 aEste libro es incisivo y completo en el tratamiento de la dinámica del cambio y aclara las decisiones que enfrentan las empresas en la actualidad. Crea un entendimiento de las fuerzas dispares que jugarán un papel cada vez más influyente en la estructuración. pForward thinking aTaducido del inglés24aAdministración de empresas24aGestión empresarial 1 aAlvarez Collazos, Augusto, etraductor1 aFigueroa, Fernando David, erevisor